00533nam a2200181Ia 4500008004000000020001800040082001500058100001400073245002500087250000500112260003300117300001100150650002000161690001100181906001100192999001700203952013100220210210b1985 xxu||||| |||| 00| 0 eng d a0 08 028029 3 a581.4 FAHP aFAHN (A). aPlant anatomy. Ed 3. a aOxfordbPergamon Pressc1985 axi,544 aPlant Anatomy  aBotany a037294 c87794d87794 001040708BiologyaALbALcBiologyd2021-02-17g0.00l1o581.4 FAHPp037294r2023-01-09 00:00:00s2022-09-10w2021-02-17yBK